[Event "Michigan Open"]
[Site "Cadillac, MI"]
[Date "1999.09.??"]
[Round "7"]
[White "Pray, Don"]
[Black "Ballicora, Miguel"]
[Result "1-0"]
[WhiteElo "2018"]
[BlackElo "2160"]
[PlyCount "135"]
[EventDate "1999.09.03"]

1. e4 e6 2. d4 d5 3. e5 c5 4. Nf3 cxd4 5. Qxd4 Nc6 6. Qf4 Qc7 7. Bd3 Nge7 8.
O-O Ng6 9. Bxg6 hxg6 10. Nc3 a6 11. Ne2 Be7 12. Qg3 Bd7 13. c3 b5 14. Bf4 b4
15. cxb4 Nxb4 16. Rfd1 Qb7 17. Ned4 Rc8 18. Ne1 Nc6 19. b3 Nxd4 20. Rxd4 Bb5
21. a4 Bc5 22. Rd2 Bd7 23. Rc2 O-O 24. Rac1 Ba3 25. Rxc8 Rxc8 26. Rxc8+ Qxc8
27. Qd3 Bb4 28. Nc2 Bc3 29. h3 a5 30. Nd4 Qc7 31. g3 Bb4 32. h4 Qc3 33. Qxc3
Bxc3 34. Be3 Kf8 35. Kf1 Ke8 36. Ke2 Kd8 37. Kd3 Bb4 38. Nc2 Kc7 39. Nxb4 axb4
40. Bc5 Bc8 41. Bxb4 Ba6+ 42. Kc3 g5 43. hxg5 g6 44. Bc5 Be2 45. Kb4 Bd1 46.
Bd4 Kc6 47. Ka3 Be2 48. b4 Bd3 49. b5+ Bxb5 50. axb5+ Kxb5 51. Kb3 Ka5 52. Bc5
Kb5 53. Bb4 Kb6 54. Ka4 Kc6 55. Bd6 Kb6 56. f3 Kc6 57. Ka5 Kd7 58. Kb6 Kd8 59.
Kc6 Ke8 60. Kc7 d4 61. Bc5 d3 62. Bb4 d2 63. Bxd2 Kf8 64. Kd8 Kg7 65. Ke8 Kg8
66. Bb4 Kg7 67. Bf8+ Kg8 68. Bh6 1-0

[Event "Michigan Open"]
[Site "Cadillac, MI"]
[Date "1999.09.??"]
[Round "2"]
[White "Palmer, Tony"]
[Black "Moody, David"]
[Result "1-0"]
[WhiteElo "2058"]
[BlackElo "1939"]
[PlyCount "65"]
[EventDate "1999.09.03"]

1. e4 e5 2. Nf3 Nc6 3. Bb5 a6 4. Ba4 Nf6 5. Qe2 d6 6. c4 Bd7 7. Bxc6 Bxc6 8.
Nc3 Be7 9. d4 exd4 10. Nxd4 O-O 11. O-O Bd7 12. f3 Re8 13. Qf2 c6 14. a4 Qa5
15. Bd2 Qh5 16. Nde2 Be6 17. Nf4 Qe5 18. Nd3 Qh5 19. g4 Nxg4 20. fxg4 Qxg4+ 21.
Kh1 Bxc4 22. Rg1 Qh4 23. Qxh4 Bxh4 24. Nf4 d5 25. exd5 cxd5 26. Rg4 Bf6 27. Nh5
Be5 28. Nxg7 Bxg7 29. Rag1 d4 30. Rxg7+ Kh8 31. R7g4 Rad8 32. Bg5 Rd6 33. Rxd4
1-0

[Event "Michigan Open"]
[Site "Cadillac, MI"]
[Date "1999.09.??"]
[Round "6"]
[White "Palmer, Tony"]
[Black "Garrison, Ray"]
[Result "1-0"]
[WhiteElo "2058"]
[BlackElo "1938"]
[PlyCount "71"]
[EventDate "1999.09.03"]

1. e4 e6 2. d4 d5 3. Nd2 Nf6 4. e5 Nfd7 5. Bd3 c5 6. c3 Nc6 7. Ne2 cxd4 8. cxd4
f6 9. exf6 Nxf6 10. O-O Bd6 11. f4 Qb6 12. Nf3 e5 13. fxe5 Nxe5 14. Nxe5 Bxe5
15. Kh1 Bd6 16. Nc3 O-O 17. Bg5 Ng4 18. Rxf8+ Bxf8 19. Qd2 Bd7 20. h3 h6 21.
hxg4 hxg5 22. Qxg5 Qxd4 23. Qxd5+ Qxd5 24. Nxd5 Bxg4 25. Bc4 Kh7 26. Rf1 Rc8
27. Ne3 Bd6 28. Bd3+ Kh6 29. Nxg4+ Kg5 30. Nf2 Be5 31. b3 Kh4 32. Bf5 Rh8 33.
Nd3 Kg3+ 34. Bh3 Bd4 35. Rf3+ Kh4 36. Rf4+ 1-0

[Event "Michigan Open"]
[Site "Cadillac, MI"]
[Date "1999.09.??"]
[Round "4"]
[White "Palmer, Tony"]
[Black "Ciaffone, Bob"]
[Result "0-1"]
[WhiteElo "2058"]
[BlackElo "2200"]
[PlyCount "80"]
[EventDate "1999.09.03"]

1. e4 c5 2. Nf3 e6 3. d4 cxd4 4. Nxd4 Nf6 5. Nc3 d6 6. Bc4 a6 7. Be3 b5 8. Bb3
Bb7 9. f3 Nbd7 10. Qe2 Nc5 11. O-O-O Qc7 12. g4 Be7 13. g5 Nfd7 14. Bd5 b4 15.
Bxb7 Qxb7 16. Nd5 exd5 17. Nf5 g6 18. Bd4 Rg8 19. exd5 gxf5 20. Rhe1 Ne4 21.
fxe4 Bxg5+ 22. Kb1 f6 23. h4 Bf4 24. Qh5+ Kd8 25. Qxh7 Kc7 26. Bxf6 Rae8 27.
Qxf5 Bg3 28. Re2 Nxf6 29. Qxf6 Be5 30. Qf3 Ref8 31. Qd3 Qb5 32. Rh1 Rg3 33. Re3
Rxe3 34. Qxe3 Rf1+ 35. Rxf1 Qxf1+ 36. Qc1 Qe2 37. Qh1 Qe3 38. h5 Qd4 39. c3
bxc3 40. bxc3 Qd3+ 0-1

[Event "Michigan Open Reserve"]
[Site "Cadillac, MI"]
[Date "1999.09.??"]
[Round "3"]
[White "Oss, Terry"]
[Black "Lin, Alan"]
[Result "0-1"]
[WhiteElo "858"]
[BlackElo "1018"]
[PlyCount "92"]
[EventDate "1999.09.03"]

1. d4 c5 2. Nf3 d5 3. e3 Nc6 4. c3 Nf6 5. Bd3 c4 6. Bc2 g6 7. O-O Bg7 8. Nbd2
O-O 9. e4 dxe4 10. Nxe4 Nxe4 11. Bxe4 e6 12. Be3 Qd6 13. Qd2 f5 14. Bxc6 Qxc6
15. Bh6 Re8 16. Bxg7 Kxg7 17. Ne5 Qd5 18. Rfe1 Bd7 19. Re3 Bc6 20. Nxc6 Qxc6
21. Rh3 h5 22. Qg5 Kh7 23. Rg3 e5 24. Re3 exd4 25. cxd4 Rxe3 26. fxe3 Re8 27.
Qf4 Qe4 28. Qxe4 Rxe4 29. Re1 f4 30. Kf2 fxe3+ 31. Rxe3 Rxd4 32. b3 Kh6 33.
bxc4 Rxc4 34. Re7 Rb4 35. a3 Rb3 36. a4 Kg5 37. a5 Kf6 38. Rc7 Ra3 39. Rxb7
Rxa5 40. g3 Ra2+ 41. Kf3 a5 42. h4 a4 43. Ra7 a3 44. Ke3 Ra1 45. Kd2 g5 46.
hxg5+ Kxg5 0-1

[Event "Michigan Open Reserve"]
[Site "Cadillac, MI"]
[Date "1999.09.??"]
[Round "2"]
[White "Oss, Terry"]
[Black "Croel, Duane"]
[Result "0-1"]
[WhiteElo "858"]
[BlackElo "1762"]
[PlyCount "38"]
[EventDate "1999.09.03"]

1. d4 Nf6 2. Nf3 g6 3. e3 Bg7 4. c4 O-O 5. Nc3 d5 6. cxd5 Nxd5 7. Be2 Nxc3 8.
bxc3 c5 9. Bb2 Nd7 10. O-O Qc7 11. Qd2 Rd8 12. Qc2 cxd4 13. Nxd4 Bxd4 14. exd4
Nf6 15. Rfe1 Rxd4 16. c4 Rh4 17. h3 Bxh3 18. Kf1 Bxg2+ 19. Kxg2 Qh2+ 0-1

[Event "Michigan Open"]
[Site "Cadillac, MI"]
[Date "1999.09.??"]
[Round "6"]
[White "Morris, Jewell"]
[Black "Skidmore, Mike"]
[Result "1-0"]
[WhiteElo "1864"]
[BlackElo "1835"]
[PlyCount "73"]
[EventDate "1999.09.03"]

1. d4 d5 2. c4 e6 3. Nc3 Nf6 4. Nf3 c6 5. e3 Be7 6. Bd3 O-O 7. O-O Nbd7 8. Qc2
dxc4 9. Bxc4 Nb6 10. Bd3 Nbd5 11. Ne4 Nb4 12. Nxf6+ gxf6 13. Qb1 Nxd3 14. Qxd3
Kh8 15. b3 Rg8 16. Bb2 Qd5 17. e4 Qh5 18. g3 b6 19. Qe3 Bb7 20. Qf4 Rac8 21. d5
e5 22. Nxe5 fxe5 23. Bxe5+ f6 24. Bxf6+ Bxf6 25. Qxf6+ Rg7 26. d6 Qg6 27. Qxg6
Rxg6 28. e5 Re6 29. f4 c5 30. Rae1 Ba6 31. Rf2 Rd8 32. f5 Ree8 33. Rd2 Bb5 34.
e6 Kg8 35. f6 Kh8 36. e7 Rd7 37. f7 1-0

[Event "Michigan Open"]
[Site "Cadillac, MI"]
[Date "1999.09.??"]
[Round "4"]
[White "Morris, Jewell"]
[Black "Rosenberg, Steve"]
[Result "1-0"]
[WhiteElo "1864"]
[BlackElo "1821"]
[PlyCount "57"]
[EventDate "1999.09.03"]

1. d4 Nf6 2. c4 e5 3. dxe5 Ng4 4. Nf3 d6 5. Bg5 Qd7 6. Bf4 Nxe5 7. Nxe5 dxe5 8.
Qxd7+ Nxd7 9. Bg3 Bb4+ 10. Nd2 Bxd2+ 11. Kxd2 O-O 12. Rd1 f6 13. e4 Nc5 14. f3
Be6 15. Kc3 b6 16. Bf2 Nb7 17. b4 Rad8 18. Be2 c5 19. a3 Kf7 20. g3 g5 21. h4
Rxd1 22. Bxd1 Kg6 23. hxg5 fxg5 24. Be2 g4 25. Be3 gxf3 26. Rh6+ Kg7 27. Rxe6
fxe2 28. Kd2 Rf7 29. Bh6+ 1-0

[Event "Michigan Open"]
[Site "Cadillac, MI"]
[Date "1999.09.??"]
[Round "7"]
[White "Morris, Jewell"]
[Black "Jarosz, Stan"]
[Result "0-1"]
[WhiteElo "1864"]
[BlackElo "2025"]
[PlyCount "136"]
[EventDate "1999.09.03"]

1. d4 d5 2. c4 e6 3. Nc3 Be7 4. e4 dxe4 5. Nxe4 Nf6 6. Nxf6+ Bxf6 7. Be3 O-O 8.
Nf3 b6 9. Bd3 Bb7 10. O-O Nc6 11. Be4 Rb8 12. Qd3 g6 13. Bh6 Re8 14. Bxc6 Bxc6
15. Rad1 Bxf3 16. gxf3 Bg5 17. Bxg5 Qxg5+ 18. Kh1 Rbd8 19. Qe3 Qf6 20. f4 Re7
21. Rd3 Red7 22. Rfd1 Qf5 23. Qe5 Qxe5 24. fxe5 c6 25. b4 f6 26. f4 fxe5 27.
fxe5 b5 28. c5 Rf8 29. Kg2 Rdf7 30. R1d2 Rf4 31. Kg3 g5 32. Ra3 h5 33. h3 R8f7
34. Ra6 Rc7 35. a4 bxa4 36. Rxa4 Rb7 37. Rd3 Kg7 38. Ra6 Rxb4 39. Rxa7+ Rf7 40.
Rxf7+ Kxf7 41. Kf3 Kg6 42. Ke4 Rb7 43. Ra3 Rf7 44. Ra6 Rf4+ 45. Ke3 Rh4 46.
Rxc6 Kf5 47. Rd6 Rxh3+ 48. Kf2 Rc3 49. c6 h4 50. Kg2 g4 51. d5 Rc2+ 52. Kg1
exd5 53. e6 Kf6 54. e7+ Kxe7 55. Rxd5 Kf6 56. Rd6+ Ke5 57. Rh6 h3 58. Kh1 Kf4
59. Rf6+ Kg3 60. Rf1 Rxc6 61. Kg1 Rc2 62. Kh1 Kh4 63. Rf4 Kg5 64. Rf8 Re2 65.
Rg8+ Kh4 66. Kg1 Kg3 67. Kf1 Rg2 68. Rh8 h2 0-1

[Event "Michigan Open"]
[Site "Cadillac, MI"]
[Date "1999.09.??"]
[Round "2"]
[White "Morris, Jewell"]
[Black "Baze, Lineas"]
[Result "0-1"]
[WhiteElo "1864"]
[BlackElo "2045"]
[PlyCount "75"]
[EventDate "1999.09.03"]

1. d4 Nf6 2. c4 g6 3. Nc3 Bg7 4. e4 d6 5. Nf3 O-O 6. Bd3 e5 7. dxe5 dxe5 8.
Nxe5 Nxe4 9. Nxe4 Bxe5 10. O-O Nc6 11. Bh6 Qh4 12. f4 Bd4+ 13. Nf2 Qxh6 14. Qd2
Be6 15. Be4 Rad8 16. Rad1 Bxc4 17. Bxc6 Bxf1 18. Kxf1 bxc6 19. Ng4 Qg7 20. Ne5
c5 21. Nc6 Rde8 22. Nxa7 Be3 23. Qc2 Bxf4 24. g3 Bd6 25. Nb5 Qf6+ 26. Kg2 Qe6
27. Nc3 Qc4 28. b3 Qg4 29. Qf2 Re6 30. Nd5 Qxd1 31. Nf6+ Kg7 32. Nh5+ gxh5 33.
Qb2+ f6 34. Qc3 Re2+ 35. Kh3 Qf1+ 36. Kh4 Re4+ 37. g4 Rxg4+ 38. Kxh5 0-1

[Event "Michigan Open"]
[Site "Cadillac, MI"]
[Date "1999.09.??"]
[Round "6"]
[White "Moody, David"]
[Black "Triplett, Thomas"]
[Result "1-0"]
[WhiteElo "1939"]
[BlackElo "1853"]
[PlyCount "65"]
[EventDate "1999.09.03"]

1. e4 c5 2. d4 cxd4 3. c3 dxc3 4. Nxc3 Nc6 5. Nf3 d6 6. Bc4 a6 7. Qe2 e6 8. O-O
b5 9. Bb3 Ra7 10. Be3 Rd7 11. Ng5 Nf6 12. f4 h6 13. Nf3 Be7 14. e5 dxe5 15.
fxe5 Nd5 16. Nxd5 exd5 17. e6 fxe6 18. Ne5 Nxe5 19. Qh5+ g6 20. Qxe5 Rf8 21.
Qxe6 Rxf1+ 22. Rxf1 Rd6 23. Qf7+ Kd7 24. Bc5 Rc6 25. Qxd5+ Kc7 26. Bxe7 Qxd5
27. Bxd5 Rc2 28. Rf7 Bf5 29. Bc5+ Kd8 30. b4 Ke8 31. Ra7 Rd2 32. Bc6+ Kd8 33.
Bb6+ 1-0

[Event "Michigan Open"]
[Site "Cadillac, MI"]
[Date "1999.09.??"]
[Round "3"]
[White "Moody, David"]
[Black "McCarter, Robert"]
[Result "1-0"]
[WhiteElo "1939"]
[BlackElo "1602"]
[PlyCount "67"]
[EventDate "1999.09.03"]

1. e4 c5 2. d4 cxd4 3. c3 Nf6 4. e5 Nd5 5. cxd4 e6 6. Nf3 d6 7. Bd3 Nc6 8. O-O
Be7 9. Nc3 Nxc3 10. bxc3 dxe5 11. dxe5 Qa5 12. Bf4 Qxc3 13. Rc1 Qa3 14. Qe2 O-O
15. Qe4 g6 16. Bh6 Rd8 17. Bb1 Nb4 18. Bg5 Nd5 19. Qh4 Bd7 20. Rc4 Bb5 21. Bxe7
Qxe7 22. Ng5 f5 23. exf6 Qxf6 24. Qxh7+ Kf8 25. Qh6+ Kg8 26. Re4 e5 27. Rfe1
Nc3 28. Rxe5 Nxb1 29. Qh7+ Kf8 30. Ne6+ Ke8 31. Nxd8+ Kxd8 32. Rd5+ Kc8 33.
Rc1+ Bc6 34. Qd7+ $138 1-0

[Event "Michigan Open"]
[Site "Cadillac, MI"]
[Date "1999.09.??"]
[Round "1"]
[White "Moody, David"]
[Black "Fischvogt, Eric"]
[Result "1/2-1/2"]
[WhiteElo "1939"]
[BlackElo "2200"]
[PlyCount "94"]
[EventDate "1999.09.03"]

1. e4 e6 2. d4 d5 3. Nc3 Nf6 4. Bg5 Bb4 5. e5 h6 6. Bd2 Bxc3 7. bxc3 Ne4 8. Qg4
g6 9. Bd3 Nxd2 10. Kxd2 c5 11. h4 Bd7 12. Rh3 Qe7 13. Rf3 cxd4 14. cxd4 Nc6 15.
Rb1 O-O-O 16. Ne2 Kb8 17. Nc3 Na5 18. Qf4 Be8 19. Nb5 b6 20. Nd6 f5 21. exf6
Qxd6 22. Qxd6+ Rxd6 23. f7 Bxf7 24. Rxf7 g5 25. Rh1 g4 26. Re1 Nc6 27. c3 h5
28. Rf6 Nd8 29. Bf5 Kc7 30. Bg6 b5 31. Re5 Ra6 32. Rxh5 Rxa2+ 33. Kc1 Rxh5 34.
Bxh5 Ra1+ 35. Kb2 Rg1 36. g3 Kd6 37. Bxg4 a5 38. h5 Ke7 39. Rf4 Rh1 40. Be2 Nf7
41. g4 b4 42. cxb4 axb4 43. Bd3 Ng5 44. Kb3 Rh3 45. f3 Rxf3 46. Rxf3 Nxf3 47.
h6 Kf6 1/2-1/2

[Event "Michigan Open"]
[Site "Cadillac, MI"]
[Date "1999.09.??"]
[Round "7"]
[White "McCarter, Robert"]
[Black "Revnell, Joseph"]
[Result "1-0"]
[WhiteElo "1602"]
[BlackElo "1519"]
[PlyCount "71"]
[EventDate "1999.09.03"]

1. d4 d5 2. c4 Nf6 3. Nc3 e6 4. Bg5 c6 5. cxd5 cxd5 6. Nf3 Be7 7. e3 a6 8. Bd3
Nbd7 9. O-O Bd6 10. Rc1 h6 11. Bxf6 Nxf6 12. a3 Bd7 13. b4 a5 14. Qb3 axb4 15.
axb4 O-O 16. Ra1 Qb6 17. b5 Ra5 18. Na4 Qa7 19. Ra2 b6 20. Rfa1 Ra8 21. h3 Qc7
22. Ne5 Bxe5 23. dxe5 Ne8 24. f4 Qb8 25. Nc3 Rxa2 26. Rxa2 Nc7 27. Kf2 g6 28.
Ra4 Kg7 29. e4 Rxa4 30. Qxa4 Qb7 31. exd5 exd5 32. Qd4 Be6 33. g4 Bd7 34. f5
Kg8 35. fxg6 Be6 36. gxf7+ 1-0

[Event "Michigan Open"]
[Site "Cadillac, MI"]
[Date "1999.09.??"]
[Round "2"]
[White "McCarter, Robert"]
[Black "Ciaffone, Bob"]
[Result "0-1"]
[WhiteElo "1602"]
[BlackElo "2200"]
[PlyCount "96"]
[EventDate "1999.09.03"]

1. d4 d5 2. c4 e6 3. Nc3 c6 4. Nf3 Nf6 5. Bf4 dxc4 6. a4 Bb4 7. Qc2 b5 8. e3
Bb7 9. Be2 Nbd7 10. O-O a6 11. b3 cxb3 12. Qxb3 Bxc3 13. Qxc3 Nd5 14. Qd3 Nxf4
15. exf4 O-O 16. f5 exf5 17. Qxf5 Nb6 18. axb5 cxb5 19. Ng5 g6 20. Qg4 Kg7 21.
Rfd1 h6 22. Nf3 Nd5 23. Rac1 Rc8 24. Rxc8 Qxc8 25. Qxc8 Rxc8 26. Bf1 Nc3 27.
Rd3 b4 28. Re3 a5 29. Nd2 Bd5 30. Re7 a4 31. g3 a3 32. Ra7 Ra8 33. Rxa8 Bxa8
34. Bc4 Bd5 35. Bxd5 Nxd5 36. Kf1 Kf6 37. Ke1 Nc3 38. Nb3 Ke6 39. Kd2 Kd5 40.
Kd3 Nb5 41. f3 f5 42. f4 a2 43. h3 Nxd4 44. Na1 Ne6 45. Kc2 Nc5 46. g4 Ke4 47.
gxf5 gxf5 48. Kb2 b3 0-1

[Event "Michigan Open"]
[Site "Cadillac, MI"]
[Date "1999.09.??"]
[Round "4"]
[White "McCarter, Robert"]
[Black "Aldrich, Jeff"]
[Result "0-1"]
[WhiteElo "1602"]
[BlackElo "1934"]
[PlyCount "136"]
[EventDate "1999.09.03"]

1. d4 d5 2. c4 c6 3. cxd5 cxd5 4. Nc3 Nc6 5. Nf3 Nf6 6. Bf4 e6 7. e3 a6 8. a3
Bd6 9. Bxd6 Qxd6 10. Bd3 O-O 11. O-O b5 12. b4 Bb7 13. Rc1 Rac8 14. Bb1 Rfd8
15. Qd3 g6 16. Ne2 e5 17. dxe5 Nxe5 18. Nxe5 Qxe5 19. Qd4 Qe7 20. Qb6 Ne4 21.
Bxe4 dxe4 22. Nd4 h5 23. Nc6 Bxc6 24. Rxc6 Rxc6 25. Qxc6 Rd6 26. Qc8+ Kg7 27.
Rc1 Qf6 28. Qc2 Rd3 29. h3 Rxa3 30. Qxe4 Ra2 31. Rc2 Ra1+ 32. Kh2 Qd6+ 33. g3
Qd1 34. h4 Rb1 35. Rc6 Qg1+ 36. Kh3 Qf1+ 37. Qg2 Qe2 38. Kh2 Rf1 39. Rc2 Qxc2
40. Qxf1 Qb2 41. Qe1 Kf6 42. Kg2 Ke6 43. Kf3 Kd5 44. Qd1+ Kc4 45. Qd6 Qxb4 46.
Qxa6 Kb3 47. Qf6 Qg4+ 48. Kg2 Qe4+ 49. Kf1 Qc4+ 50. Kg2 Ka2 51. Qd4 Qb3 52.
Qd2+ Kb1 53. Qe1+ Kc2 54. Qe2+ Kc3 55. Kf3 Qd5+ 56. e4 Qd3+ 57. Qxd3+ Kxd3 58.
Kf4 b4 59. e5 b3 60. Kg5 Ke4 61. f4 b2 62. Kf6 b1=Q 63. Kxf7 Kd5 64. e6 Qf5+
65. Kg7 Kxe6 66. Kh6 Kf7 67. Kh7 g5+ 68. Kh8 Qg6 0-1

[Event "Michigan Open"]
[Site "Cadillac, MI"]
[Date "1999.09.??"]
[Round "6"]
[White "Manion, Tom"]
[Black "Townsend, Paul"]
[Result "0-1"]
[WhiteElo "1833"]
[BlackElo "1919"]
[PlyCount "101"]
[EventDate "1999.09.03"]

1. e4 e6 2. d4 b6 3. c4 Bb7 4. Bd3 Nf6 5. Qe2 Bb4+ 6. Bd2 Qe7 7. a3 Bxd2+ 8.
Nxd2 O-O 9. Ngf3 d6 10. O-O e5 11. d5 Nbd7 12. b4 a5 13. Nb3 axb4 14. axb4 Rxa1
15. Rxa1 Ra8 16. Rxa8+ Bxa8 17. Qa2 Qd8 18. Qa7 Qb8 19. Qxb8+ Nxb8 20. c5 bxc5
21. bxc5 Bb7 22. Ne1 dxc5 23. Nxc5 Bc8 24. Bb5 Kf8 25. Ned3 Ke7 26. Nxe5 Kd6
27. Ned3 Nbd7 28. Nxd7 Nxd7 29. f3 Nc5 30. Nb4 f5 31. e5+ Kxe5 32. Kf2 Bb7 33.
Bc6 Bxc6 34. dxc6 Kd4 35. Ke2 Kc4 36. Nc2 g6 37. Ke3 Ne6 38. h3 Kc5 39. g3 Kxc6
40. Kd3 Kc5 41. Kc3 Ng5 42. Nd4 Nxh3 43. f4 Kd5 44. Kd3 Nf2+ 45. Ke3 Ne4 46.
Ne2 h5 47. Kd3 c5 48. Kc2 Nxg3 49. Nxg3 h4 50. Nf1 Ke4 51. Kd2 0-1

[Event "Michigan Open"]
[Site "Cadillac, MI"]
[Date "1999.09.??"]
[Round "4"]
[White "Manion, Tom"]
[Black "Moody, David"]
[Result "0-1"]
[WhiteElo "1833"]
[BlackElo "1939"]
[PlyCount "79"]
[EventDate "1999.09.03"]

1. c3 d5 2. d4 e6 3. Nf3 c5 4. g3 Nc6 5. Bg2 Nf6 6. O-O Be7 7. dxc5 Bxc5 8. b4
Bd6 9. b5 Ne5 10. Nd4 Bd7 11. a4 Rc8 12. Qb3 O-O 13. Nd2 Qa5 14. Bb2 Nc4 15.
Nxc4 Rxc4 16. e3 Rfc8 17. Rfc1 e5 18. Ne2 Be6 19. Qd1 Qc7 20. Qd3 Ne4 21. Bxe4
Rxe4 22. f3 Rc4 23. Kg2 Qe7 24. Rd1 Rd8 25. f4 f6 26. f5 Bf7 27. Qd2 Bc5 28.
Rf1 Re4 29. Rf3 Bh5 30. Rff1 Rxe3 31. Ng1 d4 32. cxd4 exd4 33. h3 Qe4+ 34. Kh2
Bd6 35. Qg2 Qh4 36. Nf3 Bxg3+ 37. Qxg3 Re2+ 38. Qg2 Qf4+ 39. Kg1 Rxg2+ 40. Kxg2
0-1

[Event "Michigan Open"]
[Site "Cadillac, MI"]
[Date "1999.09.??"]
[Round "1"]
[White "Levi, Ariel"]
[Black "Townsend, Paul"]
[Result "1-0"]
[WhiteElo "2134"]
[BlackElo "1919"]
[PlyCount "121"]
[EventDate "1999.09.03"]

1. c4 e6 2. Nf3 b6 3. g3 Bb7 4. Bg2 Nf6 5. O-O Be7 6. Nc3 O-O 7. Re1 d5 8. Ne5
Nbd7 9. d4 Bb4 10. Qb3 Bxc3 11. Qxc3 Ne4 12. Qc2 Nxe5 13. dxe5 Nc5 14. Rd1 c6
15. e4 Qc7 16. cxd5 cxd5 17. exd5 exd5 18. Bf4 Qd7 19. Qd2 Qf5 20. Rac1 Ne6 21.
Qd3 Qh5 22. Bf3 Qh3 23. Bg2 Qh5 24. Bf3 Qh3 25. Be3 Rad8 26. Bd4 Rc8 27. Bg2
Qg4 28. f4 Nxd4 29. Qxd4 Qe2 30. Qf2 Qa6 31. a3 Qa4 32. Bh3 Rxc1 33. Rxc1 d4
34. Qc2 Qb5 35. Rd1 Rd8 36. Bf1 Qc5 37. Qxc5 bxc5 38. Kf2 g6 39. Rc1 d3 40. Rd1
c4 41. Ke3 Bc6 42. Rd2 Kf8 43. Bh3 Ke7 44. Bg4 f6 45. exf6+ Kxf6 46. Bd1 Bb5
47. Rf2 Ke6 48. Kd2 Kd5 49. Kc3 Re8 50. f5 Ke5 51. f6 Rf8 52. f7 Ke6 53. b3
cxb3 54. Bxb3+ Ke5 55. a4 Ba6 56. Rf4 g5 57. Rg4 Kf5 58. Rd4 Bc8 59. Kxd3 Be6
60. g4+ Kf6 61. Rd6 1-0

[Event "Michigan Open"]
[Site "Cadillac, MI"]
[Date "1999.09.??"]
[Round "2"]
[White "Levi, Ariel"]
[Black "Czuhai, Kevin"]
[Result "0-1"]
[WhiteElo "2134"]
[BlackElo "2257"]
[PlyCount "146"]
[EventDate "1999.09.03"]

1. c4 Nf6 2. Nf3 g6 3. g3 Bg7 4. Bg2 O-O 5. O-O d5 6. cxd5 Nxd5 7. d4 c6 8. e4
Nb4 9. h3 Nd7 10. Nc3 e5 11. Bg5 Qb6 12. d5 cxd5 13. exd5 Re8 14. Be3 Qd8 15.
Qb3 Na6 16. Rac1 Ndc5 17. Qc4 Bf8 18. Rfd1 Bd7 19. Nb5 Qa5 20. b4 Qxb5 21. Qxb5
Bxb5 22. bxc5 Ba4 23. Rd2 Rac8 24. d6 Rcd8 25. Bg5 Rd7 26. Re2 Bg7 27. Be7 f6
28. h4 Bc6 29. Rec2 h6 30. a3 f5 31. Nd2 e4 32. Nc4 Nxc5 33. Na5 Nd3 34. Rb1
Rc8 35. Nxc6 bxc6 36. Bf1 Ne5 37. Ba6 Re8 38. Kg2 Bf8 39. Rb7 Bxe7 40. dxe7
Rexe7 41. Rxd7 Rxd7 42. h5 Kg7 43. hxg6 Kxg6 44. Be2 Kg5 45. f4+ exf3+ 46. Bxf3
Nxf3 47. Kxf3 Rd3+ 48. Kg2 Rxa3 49. Rxc6 a5 50. Rc8 a4 51. Rg8+ Kf6 52. Rh8 Kg7
53. Ra8 Ra1 54. Ra6 a3 55. Kf2 h5 56. Kg2 a2 57. Kh2 Kf7 58. Kg2 Ke7 59. Kh2
Kd7 60. Kg2 Ke7 61. Kh2 h4 62. gxh4 f4 63. Ra3 Kf6 64. Kg2 Kf5 65. h5 Kg5 66.
h6 Kxh6 67. Kh2 Kg5 68. Kg2 f3+ 69. Kf2 Rh1 70. Ra5+ Kg4 71. Ra4+ Kh3 72. Ra7
a1=Q 73. Rh7+ Kg4 0-1

[Event "Michigan Open"]
[Site "Cadillac, MI"]
[Date "1999.09.??"]
[Round "7"]
[White "Levi, Ariel"]
[Black "Ciaffone, Bob"]
[Result "0-1"]
[WhiteElo "2134"]
[BlackElo "2200"]
[PlyCount "70"]
[EventDate "1999.09.03"]

1. c4 e6 2. Nf3 d5 3. g3 dxc4 4. Qa4+ Nd7 5. Bg2 a6 6. Qxc4 b5 7. Qc2 Bb7 8. d4
c5 9. O-O Rc8 10. Qd3 Ngf6 11. Nbd2 cxd4 12. Qxd4 Bc5 13. Qd3 O-O 14. Nb3 Be4
15. Qd1 Bb6 16. Bf4 Nd5 17. Bd2 Qf6 18. Bc1 h6 19. Nfd4 Bxg2 20. Kxg2 Ne5 21.
e4 Nb4 22. a3 Nbc6 23. Nxc6 Rxc6 24. f4 Nc4 25. e5 Qg6 26. Qf3 Rfc8 27. Re1
Nxb2 28. Bxb2 Rc2+ 29. Re2 Rxe2+ 30. Qxe2 Rc2 31. Nd2 Rxb2 32. Rc1 Ba5 33. Rc8+
Kh7 34. f5 Qxf5 35. Kh1 Rxd2 0-1

[Event "Michigan Open"]
[Site "Cadillac, MI"]
[Date "1999.09.??"]
[Round "3"]
[White "Kulbacki, James"]
[Black "Wysocki, Jason"]
[Result "0-1"]
[WhiteElo "2028"]
[BlackElo "2268"]
[PlyCount "82"]
[EventDate "1999.09.03"]

1. d4 c5 2. d5 e6 3. c4 exd5 4. cxd5 d6 5. Nc3 g6 6. Nf3 Bg7 7. e4 a6 8. a4 Ne7
9. Be2 O-O 10. O-O f5 11. e5 dxe5 12. d6 Nec6 13. Qd5+ Kh8 14. Bg5 Bf6 15.
Bxf6+ Qxf6 16. Qxc5 Be6 17. Nd5 Nd7 18. Qxc6 bxc6 19. Nxf6 Rxf6 20. Rac1 Bd5
21. b4 Rxd6 22. b5 axb5 23. axb5 cxb5 24. Bxb5 Bxf3 25. gxf3 Nf6 26. Rc6 Rxc6
27. Bxc6 Rc8 28. Bb7 Rc7 29. Rb1 Nh5 30. Kg2 Nf4+ 31. Kg3 Rc3 32. Ba8 g5 33.
Rb5 Rc1 34. h4 Rg1+ 35. Kh2 Rg2+ 36. Kh1 gxh4 37. Bd5 h3 38. Rb8+ Kg7 39. Rb7+
Kh6 40. Bg8 Rxg8 41. Rxh7+ Kxh7 0-1

[Event "Michigan Open"]
[Site "Cadillac, MI"]
[Date "1999.09.??"]
[Round "7"]
[White "Kulbacki, James"]
[Black "Brumley, Ron"]
[Result "1-0"]
[WhiteElo "2028"]
[BlackElo "1909"]
[PlyCount "141"]
[EventDate "1999.09.03"]

1. c3 Nf6 2. d4 d6 3. Nf3 g6 4. Bf4 Nbd7 5. h3 Bg7 6. Nbd2 O-O 7. e3 b6 8. Be2
Bb7 9. O-O Qe8 10. a4 e5 11. Bh2 e4 12. Ne1 a6 13. b4 Qe7 14. Qb3 Rae8 15. c4
Qd8 16. Rc1 Re6 17. Nc2 c6 18. d5 cxd5 19. Nd4 Ne5 20. Nxe6 fxe6 21. Bxe5 dxe5
22. c5 Rf7 23. Rfd1 Bf8 24. Bg4 Nxg4 25. hxg4 Qh4 26. g3 Qxg4 27. cxb6 d4 28.
Nf1 dxe3 29. Nxe3 Qf3 30. Rf1 Bd5 31. Qd1 Bxb4 32. Qxf3 exf3 33. Nxd5 exd5 34.
Rc7 Bd6 35. Rfc1 Rf8 36. Rc8 Kf7 37. b7 d4 38. b8=Q Bxb8 39. Rxf8+ Kxf8 40.
Rc8+ Ke7 41. Rxb8 Kd6 42. Rb6+ Kc5 43. Rxa6 d3 44. Ra8 Kb4 45. a5 d2 46. Rd8
Kxa5 47. Rxd2 Kb4 48. Rd3 Kc4 49. Rxf3 e4 50. Rf7 h5 51. Rd7 g5 52. Kf1 h4 53.
gxh4 gxh4 54. Ke2 Kc5 55. Ke3 Kc6 56. Rd4 Kc5 57. Rxe4 h3 58. Rh4 Kd5 59. Rxh3
Kc4 60. Ke4 Kc5 61. f4 Kd6 62. f5 Kd7 63. Rh7+ Kd6 64. Rg7 Kc6 65. Ke5 Kc5 66.
f6 Kb6 67. f7 Kc6 68. f8=Q Kb5 69. Qc8 Kb6 70. Rb7+ Ka6 71. Qa8# 1-0

[Event "Michigan Open"]
[Site "Cadillac, MI"]
[Date "1999.09.??"]
[Round "6"]
[White "Jarosz, Stan"]
[Black "McCarter, Robert"]
[Result "1-0"]
[WhiteElo "2025"]
[BlackElo "1602"]
[PlyCount "97"]
[EventDate "1999.09.03"]

1. d4 Nf6 2. Nf3 e6 3. c4 b6 4. a3 Bb7 5. Nc3 d6 6. d5 e5 7. e4 Nbd7 8. Bg5 Be7
9. Bxf6 Nxf6 10. Be2 O-O 11. O-O Nd7 12. Nd2 f5 13. exf5 Rxf5 14. Bd3 Rf6 15.
Nde4 Rh6 16. Ng3 Nc5 17. Nf5 Rf6 18. Bc2 Bc8 19. Nxe7+ Qxe7 20. b4 Nd7 21. Ne4
Rh6 22. Qd3 Nf8 23. Rfe1 Qh4 24. Qg3 Qxg3 25. hxg3 Ng6 26. c5 bxc5 27. bxc5 Ne7
28. cxd6 cxd6 29. Rab1 Kf8 30. Rb5 Nf5 31. Reb1 Ba6 32. Rb8+ Rxb8 33. Rxb8+ Ke7
34. Ra8 Bc4 35. Rxa7+ Kd8 36. Ng5 Nd4 37. Nf7+ Kc8 38. Nxh6 Nxc2 39. Nf5 Bxd5
40. Nxd6+ Kb8 41. Rxg7 Nxa3 42. Rxh7 Nc2 43. g4 e4 44. Re7 e3 45. fxe3 Ne1 46.
e4 Ba2 47. g5 Nd3 48. g6 Nf4 49. g7 1-0